The Wiggles - Statistics

General Stats
  • This quiz has been taken 197 times
    161 since last reset
  • The average score is 7 of 10
Answer Stats
Colour Wiggle % Correct
Yellow Greg
96%
Blue Anthony
91%
Yellow Emma
88%
Red Murray
87%
Yellow Sam
86%
Purple Jeff
85%
Red Simon
70%
Purple Lachlan
58%
Yellow Tsehay
53%
None Phillip
29%
No matching quizzes found
Score Distribution
Percent of People with Each Score
Percentile by Number Answered
Your Score History
You have not taken this quiz since the last reset